00740nam a22002417a 450000500170000001000130001702000100003003500130004003700160005304000120006908200110008110000180009224500920011026000440020227000420024630000200028850000200030865000230032865000190035165000520037065000570042270000190047920170124105924.0 aA-996237 c00.00 aA-996237 bCen Lib/Ret aDPLbEN a327.54 aSondhi, M. L. aVajpayee's foreign policy daring the irreversible /cby M.L. Sondhi [and] Prakash Nanda aNew DelhibHar-Anad Publications c1999 bNew DelhiaD-9, Anad Niketan e110021 a157p.c20cm(Hb) aIncludes index  aPolitical science  aForeign policy aराजनीतिक विज्ञान  a विदेश नीतिxवाजपेयी aNanda, Prakash